01547nam a2200361 a 450000500170000000800410001704000250005804100080008304400070009108200170009810000350011524500880015026000300023830000510026850000190031965000370033865000230037565000240039865000290042265000190045170000300047070000270050070000340052770000270056170000270058870000260061570000320064194200150067399900150068895201710070395201710087495201400104520180803164941.0140303b xx a||||r|||| 00| 0 spa d aCO-BoIAVHcCO-BoIAVH0 aspa ack04a583.69bM61m1 aMeza Baltazar, Elsa N.eautora13aEl manejo sostenible de sangre de drago o sangre de grado : bmaterial educativo /  a[s.l.]:b[s.e.],c[s.f.]. a25 páginas : bilustraciones ; c28 x 22 cm. aIncluye anexos24aSangre de dragoxuso vsostenible26aViveros forestales26aRecursos forestales24aConocimiento tradicional26aEtnobotánica1 aCastañel, Migueleautor1 aAyala, Franklineautor1 aBorges, José Robertoeautor1 aKing, Steven R.eautor1 aOrtíz, Alonsoeautor1 aPeña, Marinoeautor1 aForero, Luis Eduardoeautor cLIBRO2ddc c1920d1920 00102ddc40708GENERALIINV2017aBogotabBogotad2001-01-25eInstitutog39000.00l0oLB-583.69 M61mp002396r2012-12-04 00:00:00tEj. 1w2012-12-04xDonacionyLIBRO 00102ddc40708GENERALIINV2017aVenadobVenadod2001-03-06eInstitutog39000.00l0oLB-583.69 M61mp002397r2012-12-04 00:00:00tEj. 2w2012-12-04xDonacionyLIBRO 00102z40708GENERALaVillabVillad2005-12-01eMendoza, Humbertol0oLB-01751p022476r2012-12-04 00:00:00tEj. 3w2012-12-04yLIBRO